Ч. 1 : Тектонофизические явления; Тектоногеоэлектрические, тектоногеомагнитные явления и их практическое приложение

Bibliographic Details
Parent link:Тектоногеоэлектрические, тектоногеомагнитные явления и их практическое приложение: кн. в 5 ч./ А. А. Воробьев; Томский политехнический институт (ТПИ). Ч. 1 : Тектонофизические явления.— , 1980
Summary:Деп. в ВИНИТИ 25.03.80, № 2258-80
Language:Russian
Published: 1980
Subjects:
Format: MixedMaterials Book
KOHA link:https://koha.lib.tpu.ru/cgi-bin/koha/opac-detail.pl?biblionumber=350689

MARC

LEADER 00000nam2a2200000 4500
001 350689
005 20231102010328.0
029 0 0 |a RU  |b 2258-80  |c Деп  |f ВИНИТИ 
035 |a (RuTPU)RU\TPU\retro\4930 
035 |a RU\TPU\retro\4928 
090 |a 350689 
100 |a 20190222d1980 k y0rusy50 ca 
101 0 |a rus 
102 |a RU 
105 |a a z 001zy 
200 0 |a Ч. 1 : Тектонофизические явления 
210 |d 1980 
215 |a 250 с.  |c ил. 
300 |a Деп. в ВИНИТИ 25.03.80, № 2258-80 
317 |5 63413507: КР-6027  |a Поступил в НТБ в 1987 г. в дар от вдовы ученого Е. К. Завадовской 
317 |5 63413507: КР-6028  |a Поступил в НТБ в 1987 г. в дар от вдовы ученого Е. К. Завадовской 
320 |a Библиогр. в конце гл. 
461 1 |0 (RuTPU)RU\TPU\retro\4934  |t Тектоногеоэлектрические, тектоногеомагнитные явления и их практическое приложение  |o кн. в 5 ч.   |o [депонированная рукопись]  |f А. А. Воробьев  |g Томский политехнический институт (ТПИ)  |v Ч. 1 : Тектонофизические явления  |d 1980 
606 1 |a Тектонофизика  |2 stltpush  |3 (RuTPU)RU\TPU\subj\58791  |9 76542 
610 1 |a депонированные рукописи 
610 1 |a библиотека А. А. Воробьева 
610 1 |a тектоногеоэлектрические явления 
610 1 |a тектоногеомагнитные явления 
610 1 |a тектонофизические явления 
610 1 |a земная кора 
610 1 |a геодинамические явления 
610 1 |a тектономеханические явления 
610 1 |a землетрясения 
610 1 |a дилатансия 
610 1 |a физические модели 
610 1 |a упругая деформация 
675 |a 551.24.03  |v 4 
801 1 |a RU  |b 63413507  |c 20190222 
801 2 |a RU  |b 63413507  |c 20190429  |g RCR 
942 |c BK